| 000 | 01274cam a22002891i 4500 | ||
|---|---|---|---|
| 003 | SA-RiAUC | ||
| 005 | 20251224141616.0 | ||
| 008 | 251223s1986 ||| g 000 0cara c | ||
| 040 |
_aSA-JeALM _bara _cSA-RiAUC _erda |
||
| 082 | 0 | 4 | _a239.9 |
| 090 |
_a239.9 _bت ب ا |
||
| 100 | 1 |
_aالتباني، محمد العربي، _d1898-1970 _eمؤلف. |
|
| 245 | 1 | 0 |
_aإتحاف ذوي النجابة بما في القرآن والسنة من فضل الصحابة / _cمحمد العربي بن التباني السطيفي المغربي ؛ مراجعة محمد عبدالله الموزعي. |
| 264 | 1 |
_aمكة المكرمة : _bالمكتبة المكية، _c2002 |
|
| 300 |
_a152 صفحة؛ _c23 سم. |
||
| 336 |
_aنص _btxt _2rdacontent _3كتاب |
||
| 337 |
_aبدون وسيط _bn _2rdamedia |
||
| 338 |
_aمجلد _bnc _2rdacarrier |
||
| 650 | 7 |
_aالصحابة والتابعون _xفضائل _2aucsh |
|
| 650 | 7 |
_aالصحابة والتابعون في الحديث _2aucsh |
|
| 650 | 7 |
_aالصحابة والتابعون في القرآن _2aucsh |
|
| 650 | 7 |
_aالشيعة _2aucsh |
|
| 700 |
_aالموزعي, محمد عبدالله _eمراجعة |
||
| 730 | 2 | 2 | _aالقرآن |
| 942 |
_2ddc _cBOOK _n0 |
||
| 949 |
_aSA-JeALM _d251223 _umohamedma123 _n1 |
||
| 999 |
_c13679 _d13679 |
||